00389nam a22001577a 4500003000700000005001700007008004100024082002000065100001700085245004200102250001100144260003400155300000800189490002900197650000500226MPLRDC20220104144057.0210129b ||||| |||| 00| 0 eng d a738.6262 FZB-3  a方壮璧著 a李兵的诗--一片生疏的天地c a初版 ab大汉山文化事业c2000 b平 a我们这一代丛书; 3 a